Práctica de los ejercicios espirituales de San Ignacio de Loyola fundador de la Compañía de Jesús

Detalles Bibliográficos
Autor principal: TORRUBIA, Pedro Tomás
Formato: Libro
Publicado: París 1865
Materias:
Colección:Banco de datos
Acervo:Biblioteca del Ex Convento de Nuestra Señora de Guadalupe. Zacatecas
Descripción Física:2a parte
Tema general:Ascética
Notas:Buena. XIV,1,29 (4693). Ex libris manuscrito del C. Cabrera
LEADER 00790nam a22002050004500
035 |a 46163 
036 |a 7347 
100 1 |a TORRUBIA, Pedro Tomás 
245 1 0 |a Práctica de los ejercicios espirituales de San Ignacio de Loyola fundador de la Compañía de Jesús 
260 |a París  |b imp. Librería de Rosa y Bouret  |c 1865 
300 |a 2a parte 
500 |a Buena. XIV,1,29 (4693). Ex libris manuscrito del C. Cabrera 
650 1 0 |a Ascética 
949 |a CRZ-CG 
959 |a Ex convento de Nuestra Señora de Guadalupe, Museo Regional de Zacatecas, Zacatecas  |b CCC4 
960 |a Convento de Nuestra Señora de Guadalupe, Zacatecas  |b DD87 
961 |a Franciscana  |b OF 
942 |c CRZ-CG 
943 |g Biblioteca del Ex Convento de Nuestra Señora de Guadalupe. Zacatecas 
999 |c 970290  |d 970290